00829 a2200181 4500003000500000005001700005010001300022040000900035082001200044100002000056245004600076250001200122260005300134300002300187505038900210600002000599650002800619NUST20230301140858.0 a70444972 cNust a327,FRA aFrankel, Joseph aInternational relations /cJoseph Frankel a2nd ed. aOxford University PressbLondon, New York,c1969 axv, 175 p.:b21 cm aThe State as Units if International Society (Page-1), The Making of Foreign Policy (Page-26), The Foreign Policies of Some Great Powers (Page-44), Interaction among States and State Power (Page-71), Instruments and Techniques of State Interaction (Page-92), International Society and its Current Problems (Page-117), The Instruments and Agencies of International Society (Page-139).  aFrankel, Joseph aInternational relations